| 000 -LEADER |
| fixed length control field |
00696nam a2200205Ia 4500 |
| 001 - CONTROL NUMBER |
| control field |
22189 |
| 003 - CONTROL NUMBER IDENTIFIER |
| control field |
GE_BSU |
| 008 - FIXED-LENGTH DATA ELEMENTS--GENERAL INFORMATION |
| fixed length control field |
181216s||||||||xx |||||||||||||| ||und|| |
| 040 ## - CATALOGING SOURCE |
| Transcribing agency |
GE_BSU |
| 245 ## - TITLE STATEMENT |
| Title |
Теоретическая и математическая физика (Том 193) №3 Декабрь 2017 |
| 245 ## - TITLE STATEMENT |
| Statement of responsibility, etc. |
Гл.ред.А.А.Славнов |
| 260 ## - PUBLICATION, DISTRIBUTION, ETC. |
| Place of publication, distribution, etc. |
Москва |
| 260 ## - PUBLICATION, DISTRIBUTION, ETC. |
| Date of publication, distribution, etc. |
2017 |
| 300 ## - PHYSICAL DESCRIPTION |
| Extent |
369-574 стр. 24см. |
| 653 ## - INDEX TERM--UNCONTROLLED |
| Uncontrolled term |
математика |
| 653 ## - INDEX TERM--UNCONTROLLED |
| Uncontrolled term |
Периодика |
| 653 ## - INDEX TERM--UNCONTROLLED |
| Uncontrolled term |
Теоретическая и математическая физика.(Том 193) №3 декабрь 2017 |
| 653 ## - INDEX TERM--UNCONTROLLED |
| Uncontrolled term |
პერიოდიკა |
| 942 ## - ADDED ENTRY ELEMENTS (KOHA) |
| Koha item type |
პერიოდიკა |